000 01023nam1a22002651 4500
001 rc\693949
005 20031121170313.3
035 _a(NLR Aleph) 005972298
090 _a6947396
_c6947396
100 _a20031121g19859999u |0rusy50 ca
101 0 _arus
102 _aRU
105 _ay |||||||||
200 1 _aЛингвистическое и программное обеспечение САПР
_eТекст лекций
_fВ.М. Курейчик, Б.К. Лебедев, С.И. Родзин
210 _aТаганрог
_cТРТИ
_d1985-
215 _d21
300 _aВ надзаг.: Таганрог. радиотехн. ин-т им. В.Д. Калмыкова
700 1 _aКурейчик
_bВ. М.
_f1945-
_gВиктор Михайлович
701 1 _aЛебедев
_bБ. К.
_gБорис Константинович
701 1 _aРодзин
_bС. И.
_gСергей Иванович
801 0 _aRU
_bNLR
_gpsbo
801 1 _aRU
_bELAR
_2rusmarc
852 _aNLR
_j85-4/37124
942 _cBOOK
980 _aNB